Riconosci l'Anno dagli eventi - Quiz n°484 - Statistics

Statistiche generali
  • Questo quiz è stato fatto 15 volte
  • Il punteggio medio è 13 su 15
Statistiche sulle risposte
Indizio Risposta % Corretto
A 3 gennaio: Austria, Regno Unito e Francia formano un'alleanza difensiva segreta contro Prussia e Russia.
100%
I 11 aprile: il Tambora dà vita all'eruzione più distruttiva della storia dell'umanità, causando più di 10.000 vittime al momento dell'esplosione, ed altre 82.000 in seguito per malattia e fame.
92%
M 18 giugno -- Belgio: alla battaglia di Waterloo Napoleone subisce la sua definitiva sconfitta, pochi mesi dopo gli inglesi lo manderanno a sant'Elena.
92%
P 26 settembre: Austria, Russia e Prussia firmano il trattato della Santa Alleanza.
92%
D 13 marzo: il Congresso di Vienna dichiara "fuorilegge" Napoleone.
83%
O 15 luglio: Napoleone decide spontaneamente di consegnarsi agli inglesi a bordo della fregata Bellerophon, da dove sarà condotto a Portsmouth e da lì imbarcato su un'altra nave per raggiungere la sede del suo esilio: Sant'Elena.
83%
E 15 marzo – Guerra austro-napoletana: il Re di Napoli Gioacchino Murat dichiara guerra all'Impero austriaco.
83%
F 20 marzo -- Francia: inizio dei Cento giorni di Napoleone, il quale entra trionfalmente a Parigi.
83%
G 25 marzo: Regno Unito, Impero Russo e austriaco e Prussia danno vita alla Settima Coalizione, alla quale in seguito aderirono altre nazioni.
83%
C 26 febbraio – Italia: Napoleone fugge dall'esilio dell'Isola d'Elba.
83%
H 3 aprile – Guerra austro-napoletana: l'esercito napoletano di Gioacchino Murat conquista Bologna e poi sconfigge l'esercito austriaco comandato da Federico Bianchi nella battaglia del Panaro.
83%
B 8 gennaio: Battaglia di New Orleans - Lo scontro tra statunitensi e britannici fu dovuto al fatto che la notizia della stipula della pace non fece in tempo a giungere fino a New Orleans, non essendo ancora stato inventato il telegrafo.
83%
N 8 luglio – Francia: Luigi XVIII entra trionfalmente a Parigi, al seguito delle truppe della Settima coalizione.
83%
L 9 giugno: si conclude il Congresso di Vienna.
83%
Anno 1815
67%
Nessun quiz corrispondente trovato
Distribuzione punteggi
Percentuale di utenti per punteggio
Percentile per numero di risposta
I tuoi punteggi nel tempo
Non hai fatto questo quiz